[Event "58th ch-HUN KO"]
[Site "Nyiregyhaza HUN"]
[Date "2008.09.14"]
[Round "1.3"]
[White "Ruck,R1"]
[Black "Szabo,Krisz1"]
[Result "1/2-1/2"]
[WhiteElo "2574"]
[BlackElo "2510"]

1.d4 d5 2.Nf3 Nf6 3.c4 e6 4.g3 Be7 5.Bg2 O-O 6.O-O dxc4 7.Qc2 a6 8.a4 Bd7
9.Qxc4 Bc6 10.Bg5 Bd5 11.Qc2 Be4 12.Qc1 h6 13.Bf4 Nd5 14.Nc3 Nxc3 15.bxc3 Nc6
16.Rd1 Na5 17.Qb2 Nc4 18.Qb3 Na5 19.Qb2 Nc4 20.Qb3 Na5 21.Qb2 Nc4 22.Qb3 Na5
23.Qb2 Nc4 24.Qb3 Na5  1/2-1/2

[Event "IV Geller Memorial"]
[Site "Odessa UKR"]
[Date "2008.09.14"]
[Round "6"]
[White "Aliferenko,A"]
[Black "Demidiukov,E"]
[Result "0-1"]
[WhiteElo "2253"]
[BlackElo "2165"]

1.d4 Nf6 2.c4 e6 3.g3 d5 4.Nf3 Be7 5.Bg2 O-O 6.O-O dxc4 7.Qc2 a6 8.Qxc4 b5
9.Qc2 Bb7 10.Bg5 Nbd7 11.Rd1 Rc8 12.Nc3 c5 13.Bxf6 Nxf6 14.dxc5 Qa5 15.a3 Bxc5
16.e3 Be7 17.Nd4 Bxg2 18.Kxg2 Rc4 19.Nde2 Rfc8 20.Rac1 h5 21.Rd4 Qb6 22.Rxc4 Rxc4
23.Qd3 h4 24.f3 Rc7 25.e4 Rd7 26.Qc2 Qe3 27.Rd1 h3+ 28.Kxh3 Qxf3 29.Rxd7 Nxd7
30.Nd4 Qf1+ 31.Qg2 Qd3 32.Nde2 g5 33.Qf2 Bc5 34.Qf1 f5 35.exf5 exf5 36.Kg2 Ne5
37.Nc1 Qd7 38.Qd1 Bd4 39.Kf1 Ng4 40.Qb3+ Kg7 41.h3 Ne3+ 42.Ke2 Nc4 43.Ke1 Be5
44.N3e2 Bxb2 45.a4 Qd2+ 46.Kf1 Bxc1 47.axb5 axb5 48.Qxb5 Qd1+ 49.Kf2 Be3+  0-1

[Event "EYb18"]
[Site "Herceg Novi MNE"]
[Date "2008.09.15"]
[Round "1"]
[White "Stupak,K"]
[Black "Froewis,G"]
[Result "1-0"]
[WhiteElo "2458"]
[BlackElo "2269"]

1.d4 d5 2.Nf3 Nf6 3.c4 e6 4.g3 Be7 5.Bg2 O-O 6.O-O dxc4 7.Qc2 a6 8.Qxc4 b5
9.Qc2 Bb7 10.Bd2 Ra7 11.Rc1 Be4 12.Qb3 Nbd7 13.Bb4 Bxb4 14.Qxb4 Qa8 15.Nbd2 Bd5
16.Nb3 a5 17.Qe1 Rc8 18.Nh4 Bxg2 19.Nxg2 a4 20.Nc5 c6 21.Qb4 Rac7 22.Ne1 Nxc5
23.Rxc5 Nd7 24.Rc2 Qa7 25.Nd3 c5 26.dxc5 Nxc5 27.Qxb5 Rb8 28.Qc4 Rbc8 29.Qd4 e5
30.Nxe5 Qa8 31.Qd6 Ne4 32.Qxc7 Rxc7 33.Rxc7 h5 34.Rd1 Qa5 35.Rc8+ Kh7 36.Nf3 Qa6
37.Rc2 Qg6 38.Rc4 Qe6 39.Rxe4 Qxa2 40.Rdd4 f5 41.Re6  1-0

[Event "IV Geller Memorial"]
[Site "Odessa UKR"]
[Date "2008.09.16"]
[Round "8"]
[White "Dmitriev,Ig"]
[Black "Demidiukov,E"]
[Result "1-0"]
[WhiteElo "2364"]
[BlackElo "2165"]

1.d4 Nf6 2.g3 e6 3.Bg2 d5 4.Nf3 Be7 5.c4 O-O 6.O-O dxc4 7.Na3 Bxa3 8.bxa3 Nc6
9.Bb2 Rb8 10.Qc2 b5 11.Rad1 Ne7 12.Rfe1 Bb7 13.e4 Re8 14.h4 h6 15.Ne5 Qc8
16.Bh3 c6 17.Bc1 Qc7 18.a4 Rbd8 19.Ba3 Qa5 20.Bc5 Nc8 21.Re3 Nb6 22.axb5 cxb5
23.f3 Na4 24.Ra3 Qc7 25.Bb4 Rc8 26.Kh2 Red8 27.Bf1 Nd7 28.Ng4 Ra8 29.Qc1 a5
30.Bd2 h5 31.Bf4 Qc6 32.Ne3 Ndb6 33.Ng2 c3 34.Bg5 Rd7 35.Nf4 b4 36.Rb3 Rc8
37.Nxh5 Nb2 38.Bf6 Kf8 39.Nxg7 e5 40.dxe5 Qc5 41.Qh6  1-0

[Event "EYb18"]
[Site "Herceg Novi MNE"]
[Date "2008.09.17"]
[Round "3"]
[White "Stupak,K"]
[Black "Benidze,D"]
[Result "1/2-1/2"]
[WhiteElo "2458"]
[BlackElo "2389"]

1.d4 Nf6 2.Nf3 e6 3.g3 d5 4.Bg2 Be7 5.c4 c6 6.O-O O-O 7.Qc2 Nbd7 8.Rd1 b6
9.Nc3 Ba6 10.Ne5 Qc8 11.Bf4 Bxc4 12.Nxc4 dxc4 13.Ne4 b5 14.Nxf6+ Nxf6 15.b3 cxb3
16.axb3 Nd5 17.Rdc1 Nb4 18.Qc3 Qd8 19.Bd2 Qb6 20.Be3 Qd8 21.Bd2 Qb6  1/2-1/2

[Event "4th Pichay Cup"]
[Site "Manila PHI"]
[Date "2008.09.18"]
[Round "8"]
[White "Gonzales,Jay"]
[Black "Roca,P"]
[Result "1-0"]
[WhiteElo "2524"]
[BlackElo "2356"]

1.Nf3 d5 2.d4 Nf6 3.c4 e6 4.g3 Be7 5.Bg2 O-O 6.O-O Nbd7 7.Qc2 Ne4 8.Nc3 Nxc3
9.bxc3 dxc4 10.Rd1 Rb8 11.a4 a5 12.Qa2 Nb6 13.Ne5 Bd7 14.Nxd7 Qxd7 15.Bd2 f5
16.Rdb1 Bd6 17.Rb5 h6 18.Rab1 g5 19.e3 Qd8 20.Bf1 Rf7 21.Bxc4 Nxc4 22.Qxc4 c6
23.R5b2 Qf6 24.Qe2 f4 25.exf4 gxf4 26.Be1 h5 27.c4 h4 28.c5 Bf8 29.Rb3 hxg3
30.hxg3 f3 31.Qe4 Rd8 32.Rxb7 Rxb7 33.Rxb7 Rxd4  1-0

[Event "EYg16"]
[Site "Herceg Novi MNE"]
[Date "2008.09.19"]
[Round "5"]
[White "Todorova,K"]
[Black "Bulatkhanova,B"]
[Result "0-1"]
[WhiteElo "1711"]
[BlackElo "1976"]

1.d4 e6 2.c4 d5 3.Nf3 Be7 4.g3 Nf6 5.Bg2 O-O 6.O-O b6 7.Qc2 Bb7 8.Nbd2 Nbd7
9.b3 c5 10.Bb2 Rc8 11.Rfd1 Qc7 12.Rac1 Bd6 13.cxd5 Nxd5 14.a3 Qb8 15.Qb1 cxd4
16.Nxd4 Nc5 17.Ne4 Be7 18.b4 Na4 19.Ba1 a6 20.Nf3 f5 21.Ne5 Qa7 22.Nc4 fxe4
23.Qxe4 Nf4 24.Rd7 Bxe4 25.Rxa7 Nxe2+ 26.Kf1 Bxg2+ 27.Kxe2 Bf6 28.Bxf6 Rxf6
29.Rxa6 b5  0-1

[Event "Open"]
[Site "Yuzhny UKR"]
[Date "2008.09.20"]
[Round "1"]
[White "Kovalev,De"]
[Black "Roschupkin,V"]
[Result "1-0"]
[WhiteElo "2436"]
[BlackElo "1972"]

1.Nf3 Nf6 2.c4 e6 3.g3 d5 4.d4 Be7 5.Bg2 O-O 6.O-O Nbd7 7.Qc2 c6 8.Nbd2 Bd6
9.e4 Nxe4 10.Nxe4 dxe4 11.Qxe4 Qf6 12.Re1 c5 13.Bg5 Qg6 14.Qxg6 hxg6 15.Rad1 cxd4
16.Nxd4 Bb4 17.Re2 e5 18.Nc2 Ba5 19.c5 f6 20.Be3 Rb8 21.b4 Bd8 22.Red2 f5
23.c6  1-0

[Event "Open"]
[Site "Yuzhny UKR"]
[Date "2008.09.21"]
[Round "2"]
[White "Aliferenko,A"]
[Black "Daryev,S"]
[Result "1-0"]
[WhiteElo "2253"]
[BlackElo "2037"]

1.d4 Nf6 2.c4 e6 3.g3 d5 4.Nf3 Be7 5.Bg2 O-O 6.O-O c6 7.Qc2 Nbd7 8.Nbd2 b6
9.e4 Bb7 10.e5 Ne8 11.b3 g6 12.Bb2 Ng7 13.Rac1 Rc8 14.Rfd1 Nh5 15.Qd3 h6
16.Qe3 Kh7 17.Nb1 Rh8 18.Bf1 Ng7 19.cxd5 exd5 20.Bd3 Nf8 21.Ba3 Bxa3 22.Nxa3 Nge6
23.h4 h5 24.Nc2 Kg7 25.Bf1 Qe7 26.Bh3 Rd8 27.b4 Bc8 28.Kh2 Bd7 29.a3 Nh7
30.Nce1 Ra8 31.Qb3 g5 32.Bg2 g4 33.Ng1 b5 34.Ne2 Nhf8 35.f4 gxf3 36.Nxf3 Ng6
37.Rf1 a5 38.Nc3 axb4 39.axb4 Ra6 40.Ra1 Rha8 41.Rxa6 Rxa6 42.Bh3 Ngf8 43.Nd1 Ra4
44.Ne3 Qxb4 45.Nf5+ Kh8 46.Qe3 Ra2+ 47.Bg2 Qb2 48.Qh6+ Nh7 49.Rg1 Qc2 50.Qxh5 Nf4
51.Qxf7 Qxf5 52.Qxf5 Bxf5 53.gxf4 b4 54.Kg3 b3 55.Bh3 Be4 56.f5 b2 57.Nd2 Ra1
58.Kf2 Rxg1 59.Kxg1 b1=Q+ 60.Nxb1 Bxb1 61.Kf2 Kg8 62.Ke3 Bc2 63.Kd2 Ba4 64.Kc3 Nf6
65.Kb4 Bb5 66.Kc5 Nd7+ 67.Kd6 Nb6 68.f6 Kf8 69.Bg4 Nc4+ 70.Kc5 Ne3 71.Bd7 Kf7
72.h5 Ng2 73.h6 Bd3 74.Bxc6 Nf4 75.Bxd5+ Kg6 76.f7  1-0

[Event "EYg16"]
[Site "Herceg Novi MNE"]
[Date "2008.09.22"]
[Round "7"]
[White "Todorova,K"]
[Black "Kolaric,S"]
[Result "1-0"]
[WhiteElo "1711"]
[BlackElo "1890"]

1.d4 d5 2.c4 e6 3.Nf3 Be7 4.g3 Nf6 5.Bg2 O-O 6.O-O dxc4 7.Ne5 c5 8.Be3 Nd5
9.Qd2 Nxe3 10.fxe3 Bg5 11.Qc3 Bf6 12.Na3 cxd4 13.exd4 Bxe5 14.dxe5 Nc6 15.Rad1 Qb6+
16.Kh1 Qc5 17.Nxc4 Rb8 18.Rd6 Nxe5 19.Qxe5 Qxc4 20.Rd4 f6 21.Qd6 Qxe2 22.Qxb8 Qxb2
23.Qd6 Qxa2 24.Rfd1 Qa5 25.Qe7 h6 26.Rd8 Rxd8 27.Qxd8+ Qxd8 28.Rxd8+  1-0

[Event "EYg14"]
[Site "Herceg Novi MNE"]
[Date "2008.09.23"]
[Round "8"]
[White "Arabidze,M"]
[Black "Jalabadze,N"]
[Result "1-0"]
[WhiteElo "2152"]
[BlackElo "2018"]

1.d4 Nf6 2.c4 e6 3.g3 d5 4.Bg2 Be7 5.Nf3 O-O 6.O-O dxc4 7.Qc2 a6 8.a4 Bd7
9.Qxc4 b5 10.Qc2 Bc6 11.Rd1 Be4 12.Qd2 Nbd7 13.Nc3 Bb4 14.Qe3 Bc6 15.Qd3 Qb8
16.Bg5 Qb7 17.Rac1 Ne4 18.Na2 Bd6 19.Rxc6 Qxc6 20.Ne5 Nxe5 21.dxe5 Qd5 22.Bxe4 Qxd3
23.Rxd3 h6 24.exd6 Rab8 25.dxc7  1-0

[Event "Open"]
[Site "Yuzhny UKR"]
[Date "2008.09.24"]
[Round "7"]
[White "Kamenets,A"]
[Black "Roschupkin,V"]
[Result "1-0"]
[WhiteElo "2265"]
[BlackElo "1972"]

1.d4 Nf6 2.c4 e6 3.g3 d5 4.Bg2 Be7 5.Nf3 O-O 6.O-O c6 7.Qc2 Nbd7 8.b3 b6
9.Bb2 Bb7 10.Nbd2 Qc7 11.Rac1 Rac8 12.cxd5 exd5 13.Nh4 Bb4 14.Bc3 Ba3 15.Bb2 Bb4
16.a3 Bxd2 17.Qxd2 Rfe8 18.e3 Ne4 19.Qd3 Ndf6 20.f3 Ng5 21.Rce1 Qd7 22.Nf5 Rcd8
23.e4 g6 24.Qd2 Ne6 25.e5 Nh5 26.Nd6 Rf8 27.f4 f5 28.a4 Kh8 29.Ba3 Rg8 30.Bf3 Nhg7
31.Rc1 Ba8 32.Rc2 Ne8 33.h4 Nxd6 34.exd6 Qg7 35.Rd1 h6 36.Qd3 Rd7 37.Re2 Qf6
38.Re5 Nd8 39.Rde1 Nb7 40.Re6 Qd8 41.Qe3 Qf8 42.Qe5+ Kh7 43.Kf2 Rd8 44.h5 g5
45.Rf6  1-0

[Event "5th Highlands Open A"]
[Site "Zdar nad Sazavou CZE"]
[Date "2008.09.24"]
[Round "5"]
[White "Freisler,P"]
[Black "Balkova,A"]
[Result "1-0"]
[WhiteElo "2308"]
[BlackElo "1885"]

1.Nf3 d5 2.c4 e6 3.g3 Nf6 4.Bg2 Be7 5.d4 O-O 6.O-O b6 7.cxd5 Nxd5 8.e4 Nf6
9.Nc3 Bb7 10.Re1 h6 11.Qc2 Nc6 12.Be3 Ng4 13.Rad1 Bb4 14.Bf4 Bxc3 15.bxc3 Nf6
16.c4 Qe7 17.d5 Nb4 18.Qb3 a5 19.a3 Na6 20.d6  1-0

[Event "Zvenigorodskaya Open A"]
[Site "Zvenigorod RUS"]
[Date "2008.09.26"]
[Round "2"]
[White "Buhmann,R"]
[Black "Vasilevich,I"]
[Result "1-0"]
[WhiteElo "2561"]
[BlackElo "2354"]

1.Nf3 d5 2.d4 Nf6 3.c4 e6 4.g3 Be7 5.Bg2 O-O 6.O-O dxc4 7.Ne5 c5 8.dxc5 Bxc5
9.Qxd8 Rxd8 10.Nc3 Be7 11.Bf4 Nd5 12.Rfd1 g5 13.Bd2 Nb6 14.a4 N8d7 15.Nxd7 Nxd7
16.Be3 Nf8 17.a5 a6 18.Ne4 Rxd1+ 19.Rxd1 h6 20.Nd6 Bxd6 21.Rxd6 Nd7 22.h4 gxh4
23.gxh4 Rb8 24.Rd4 Kh7 25.Rxc4 Nf6 26.Rc7 Kg6 27.Ba7 Ra8 28.Bd4 Nd7 29.f4 Kf5
30.e3 Kg4 31.Kf2 f6 32.Rc4 Rb8 33.Bf3+ Kf5 34.Kg3 e5 35.Bg4+ Kg6 36.h5+ Kf7
37.Bc3 b5 38.axb6 Ke8 39.fxe5 fxe5 40.Rc6 Nxb6 41.Rxh6 Nd7 42.Rh8+ Ke7 43.h6 Nf8
44.Bxc8 Rxc8 45.Bb4+ Kf7 46.Rxf8+  1-0

[Event "Zvenigorodskaya Open A"]
[Site "Zvenigorod RUS"]
[Date "2008.09.26"]
[Round "3"]
[White "Buhmann,R"]
[Black "Lysyj,I"]
[Result "1-0"]
[WhiteElo "2561"]
[BlackElo "2596"]

1.Nf3 Nf6 2.c4 e6 3.g3 d5 4.d4 Be7 5.Bg2 O-O 6.Qc2 c5 7.dxc5 Qa5+ 8.Qc3 Qxc5
9.cxd5 Qxd5 10.O-O Nc6 11.Qd2 Qf5 12.Nc3 Rd8 13.Qf4 e5 14.Qxf5 Bxf5 15.Bg5 h6
16.Bxf6 Bxf6 17.e4 Be6 18.Rfd1 Nb4 19.a3 Nd3 20.Rd2 Rac8 21.Nd1 Rd7 22.Ne3 Rcd8
23.b4 b5 24.Bf1 a6 25.Rc2 Rd6 26.h4 g6 27.Kh2 Bg7  1-0

[Event "ch-Commonwealth"]
[Site "Nagpur IND"]
[Date "2008.09.29"]
[Round "2"]
[White "Sundararajan,K"]
[Black "Chatterjee,D"]
[Result "1-0"]
[WhiteElo "2446"]
[BlackElo "2231"]

1.Nf3 Nf6 2.c4 e6 3.g3 d5 4.d4 Be7 5.Bg2 O-O 6.O-O dxc4 7.Qc2 a6 8.Qxc4 b5
9.Qc2 Bb7 10.Bd2 Ra7 11.Rc1 Be4 12.Qb3 Bd5 13.Qd3 Bc4 14.Rxc4 bxc4 15.Qxc4 Nbd7
16.b4 Bd6 17.Nc3 Nb6 18.Qb3 Nfd5 19.Ne4 Nd7 20.a3 Qb8 21.Qc2 h6 22.Nc5 N5f6
23.Nb3 Qb5 24.e4 e5 25.Na5 exd4 26.Nc6 d3 27.Nxa7 dxc2 28.Nxb5 axb5 29.Ne1 Re8
30.f3 Ne5 31.Nxc2 c5 32.Ne3 cxb4 33.Bxb4 Bxb4 34.axb4 Nd3 35.Rb1 Rc8 36.f4 Rc3
37.e5 Nd7 38.Nd5 Ra3 39.Rd1 Nb8 40.Bf1 Nb2 41.Rc1  1-0

[Event "58th TCh m 1st Div"]
[Site "Borovets BUL"]
[Date "2008.10.01"]
[Round "1"]
[White "Ljangov,P"]
[Black "Radulski,J"]
[Result "1/2-1/2"]
[WhiteElo "2078"]
[BlackElo "2578"]

1.c4 e6 2.Nf3 d5 3.d4 Nf6 4.g3 Be7 5.Bg2 O-O 6.O-O dxc4 7.Qc2 a6 8.Qxc4 b5
9.Qc2 Bb7 10.Bg5 Nbd7 11.Bxf6 Nxf6 12.Nbd2 Rc8 13.Nb3 Be4 14.Qc1 c5 15.dxc5 Qc7
16.Qe3 Bxc5 17.Nxc5 Qxc5 18.Qxc5 Rxc5 19.Rfc1 Rfc8 20.Rxc5 Rxc5 21.Ne1 Kf8
22.Kf1 Ke7 23.Bxe4 Nxe4 24.Nd3 Rc4 25.Ke1 f6 26.f3 Nd6 27.b3 Rc8 28.Rc1 Rxc1+
29.Nxc1 Nf5 30.Kd2 Kd6 31.Kd3 Kc5 32.e4 Nd6 33.Kc3 b4+ 34.Kd2 a5 35.Nd3+ Kc6
36.Nb2 e5 37.Kd3 Kc5 38.Na4+ Kb5 39.Nb2 Nb7 40.Ke3 Nd6 41.Kd3 g6 42.Ke3 Kc5
43.Nd3+ Kc6 44.Nb2 h5 45.Kd3 Kc5 46.Ke3 Nb5 47.Na4+ Kc6 48.Kd3 g5 49.Nb2 Nc3
50.Nc4 Nxa2 51.Nxa5+ Kb5 52.Nc4 Nc1+ 53.Kc2 Ne2 54.Kd3 Nd4 55.Nd2 Kc5 56.Ke3 Ne6
57.Nc4 Kc6 58.Nd2 Nc5 59.Ke2 Kd7 60.Ke3 Ke6 61.Ke2 h4 62.Ke3 f5 63.exf5+ Kxf5
64.Ke2 Ke6 65.Ke3 Kd5 66.Ne4 Nxb3 67.Nxg5 Nd4 68.Ne4 h3 69.f4 b3 70.Kd3 b2
71.Nc3+ Ke6 72.Ke3 Kf5 73.fxe5 Nc2+ 74.Kd3 Na3 75.e6 Kxe6 76.Ke4 Nb5 77.Nb1 Nd6+
78.Kd3 Kf5 79.Kc2 Ne4 80.Kxb2 Kg4 81.Kc2 Nxg3 82.Nd2 Nf5 83.Kd1 Nd4 84.Ke1 Kf4
85.Kf2 Nf5 86.Nf1 Nd6 87.Ng3 Kg4 88.Ne2 Ne4+ 89.Ke3 Nf6 90.Ng1 Kf5 91.Kf3  1/2-1/2

[Event "Chigorin Memorial"]
[Site "St Petersburg RUS"]
[Date "2008.10.04"]
[Round "1"]
[White "Zontakh,A"]
[Black "Vunder,A"]
[Result "1-0"]
[WhiteElo "2579"]
[BlackElo "2261"]

1.c4 e6 2.Nf3 d5 3.g3 Nf6 4.Bg2 Be7 5.d4 O-O 6.O-O c5 7.dxc5 Bxc5 8.a3 Qe7
9.b4 Bb6 10.Bb2 Nc6 11.Nbd2 Rd8 12.Qc2 e5 13.b5 Nd4 14.Nxd4 Bxd4 15.e3 Bf5
16.Qxf5 Bxb2 17.Ra2 Bxa3 18.cxd5 Rac8 19.Qd3 Bc5 20.Rc1 Bb6 21.Rac2 Rxc2
22.Rxc2 Ne8 23.Nc4 Nd6 24.Nxb6 axb6 25.Qa3 Qd7 26.Bf1 Ne4 27.f3 Nc5 28.e4 Qd6
29.Ra2 h5 30.h4 Qf6 31.Qe3 Kh7 32.Bg2 g6 33.Kh2 Rg8 34.Rf2 Kg7 35.f4 exf4
36.Qxf4 Qxf4 37.gxf4 f6 38.Re2 Nd3 39.Kg3 Re8 40.Re3 Nc5 41.e5 Nd7 42.Bh3 f5
43.Bg2 Nc5 44.d6 Kf8 45.Bd5 Ne4+ 46.Bxe4 fxe4 47.Rxe4 Kf7 48.Rd4 Ke6 49.d7 Rd8
50.Rd6+ Ke7 51.Rxg6  1-0

[Event "4NCL 2008-9"]
[Site "Sunningdale ENG"]
[Date "2008.10.04"]
[Round "1"]
[White "Davies,Ni"]
[Black "Devereaux,M"]
[Result "0-1"]
[WhiteElo "2478"]
[BlackElo "2415"]

1.Nf3 d5 2.c4 e6 3.d4 Nf6 4.g3 Be7 5.Bg2 O-O 6.O-O dxc4 7.Qc2 a6 8.Nbd2 b5
9.Ng5 Ra7 10.b3 h6 11.Ngf3 cxb3 12.Nxb3 Bb7 13.Nc5 Bd5 14.Rd1 Nbd7 15.e4 Ba8
16.Nxd7 Nxd7 17.Be3 Rb7 18.a4 Qc8 19.axb5 axb5 20.d5 exd5 21.Bh3 c6 22.exd5 cxd5
23.Qxc8 Rxc8 24.Ne5 Nxe5 25.Bxc8 Rb8 26.Bh3 d4 27.Bf4 Nf3+ 28.Kh1 Rd8 29.Rxa8 Rxa8
30.Bg2 Ra3 31.Bf1 g5 32.Bc1 Rb3 33.Kg2 Bc5 34.Bxb5 Rxb5 35.Kxf3 f5 36.h3 Kf7
37.Ke2 Ke6 38.g4 f4 39.h4 Kd5 40.hxg5 hxg5 41.Rh1 Rb1 42.Rd1 Kc4  0-1

[Event "Chigorin Memorial"]
[Site "St Petersburg RUS"]
[Date "2008.10.05"]
[Round "2"]
[White "Duzhakov,I"]
[Black "Zakharov,Y"]
[Result "1-0"]
[WhiteElo "2276"]
[BlackElo "2056"]

1.d4 Nf6 2.c4 e6 3.g3 Be7 4.Bg2 d5 5.Nf3 O-O 6.O-O c6 7.Qc2 Nbd7 8.Rd1 Re8
9.Nbd2 Qc7 10.e4 dxe4 11.Nxe4 Nxe4 12.Qxe4 Nf6 13.Qe2 b6 14.Bf4 Bd6 15.Ne5 Bb7
16.Rac1 Rac8 17.b4 Nd7 18.c5 Bxe5 19.dxe5 bxc5 20.bxc5 Nf8 21.Rd6 Qa5 22.Qd2 Qxd2
23.Bxd2 Ng6 24.Rb1 Ba8 25.f4 h6 26.a4 Re7 27.Be4 Nf8 28.a5 Rb7 29.a6 Re7
30.Kf2 Nd7 31.Be3 Nb8 32.Bd3 Nd7 33.Kf3 Kf8 34.Ke4 Ke8 35.Kd4 Kf8 36.Bd2 Rce8
37.Be4 Nb8 38.Bd3 Nd7 39.Ba5 Rc8 40.Be4 g6 41.Rb7 Nb8 42.Rxe7 Kxe7 43.Bd3 Nd7
44.g4 Nf8 45.Be1 g5 46.f5 Rd8 47.f6+ Ke8 48.Rxd8+ Kxd8 49.h4 gxh4 50.Bxh4 Ke8
51.Be1 Nd7 52.Bd2 Kf8 53.Bh7 Nb8 54.Bxh6+ Ke8 55.g5 Nxa6 56.g6 fxg6 57.Bxg6+  1-0

[Event "Belgrade Premier League"]
[Site "Belgrade SRB"]
[Date "2008.10.06"]
[Round "2"]
[White "Tadic,Br"]
[Black "Pavlovic,Drago"]
[Result "1-0"]
[WhiteElo "2483"]
[BlackElo "2296"]

1.Nf3 Nf6 2.c4 e6 3.g3 d5 4.Bg2 Be7 5.d4 O-O 6.O-O Nbd7 7.Qc2 c6 8.b3 b6
9.Rd1 Ba6 10.Bb2 Rc8 11.Nbd2 c5 12.e4 cxd4 13.exd5 d3 14.Qxd3 exd5 15.Qf5 Nc5
16.Nf1 g6 17.Qh3 Rc7 18.Ne3 Qc8 19.Qh6 Rd8 20.Ng5 Bf8 21.Qh4  1-0

[Event "Chigorin Memorial"]
[Site "St Petersburg RUS"]
[Date "2008.10.06"]
[Round "4"]
[White "Lintchevski,D"]
[Black "Frolochkin,V"]
[Result "1-0"]
[WhiteElo "2502"]
[BlackElo "2323"]

1.Nf3 d5 2.c4 e6 3.d4 Nf6 4.g3 Be7 5.Bg2 O-O 6.O-O b6 7.cxd5 exd5 8.Nc3 Bb7
9.Bf4 Ne4 10.Rc1 Na6 11.Ne5 f6 12.Nc6 Bxc6 13.Nxe4 Bb7 14.Qb3 Kh8 15.Nc5 Bxc5
16.dxc5 Qd7 17.Rfd1 Rad8 18.Be3 Rfe8 19.Bf3 b5 20.Rd4 c6 21.Bh5 Re4 22.Bf3 Rxd4
23.Bxd4 Re8 24.Rc3 Nc7 25.Re3 Rf8 26.Qc3 Bc8 27.Bg2 Qf7 28.Qd3 Bg4 29.f3 Bc8
30.Qd2 Bf5 31.Ra3 Ne6 32.Bf2 Rd8 33.Qa5 Rd7 34.Qa6 Rc7 35.Qa5 h6 36.g4 Bg6
37.Bg3 Rb7 38.Qb4 Rd7 39.Ra6 Nd8 40.Qd4 Qe7 41.Bf1 Qe6 42.Bb8 Qf7 43.Bd6 Qe6
44.Bb8 Qf7 45.Bd6 Qe6 46.Kf2 Rb7 47.b4 Qd7 48.Ra3 Nf7 49.Bf4 Qd8 50.Re3 Qd7
51.h4 Nd8 52.Bd6 Ne6 53.Qd2 Qf7 54.Bh3 Nd8 55.Kg3 Bh7 56.g5 hxg5 57.hxg5 f5
58.Re5 Ne6 59.f4 g6 60.Bg2 Rd7 61.Qe3 Bg8 62.Kf2 Qe8 63.Qc3 Rg7 64.Re3 Qd7
65.Qf6 Bf7 66.Be5 Kg8 67.Bd4 Rh7 68.Kg3 Kf8 69.Be5 Kg8 70.Bf3 Kf8 71.a4 bxa4
72.Ra3 Kg8 73.Rxa4 Qb7 74.Bc3 Qb8 75.e3 Qb7 76.Be2 Qc7 77.Ra1 Qb8 78.Ra6 Qb7
79.b5 Nf8 80.Rxc6 Be8 81.Rd6 d4 82.c6 Qf7 83.Qxf7+  1-0

[Event "1st WMSG Blitz Pair"]
[Site "Beijing CHN"]
[Date "2008.10.08"]
[Round "1"]
[White "Vasilevich,T"]
[Black "Sarakauskiene,Z"]
[Result "1-0"]
[WhiteElo "2368"]
[BlackElo "2188"]

1.d4 d5 2.c4 e6 3.Nf3 Nf6 4.g3 Be7 5.Bg2 O-O 6.O-O b6 7.Qc2 Bb7 8.Rd1 dxc4
9.Qxc4 Nbd7 10.Nc3 c5 11.dxc5 Bxc5 12.b4 Be7 13.Bb2 Rc8 14.Qb3 Qc7 15.Nb5 Qb8
16.a3 Bd5 17.Qe3 a6 18.Nbd4 Ng4 19.Qd2 Qb7 20.Nf5 Ndf6 21.Nxe7+ Qxe7 22.h3 Nh6
23.g4 Ne4 24.Qd4 f5 25.gxf5 Nxf5 26.Qe5 Rc2 27.Bd4 Rxe2 28.Bxb6 Neg3 29.Qc3 Ne4
30.Qe5 Neg3 31.Qc7 Qxc7 32.Bxc7 Ne4 33.Bb6 Rb8 34.Bc5 Nxc5 35.bxc5 Rc8 36.Rac1 Ne7
37.Ng5 h6 38.Bxd5 Nxd5 39.Nxe6 Rxe6 40.Rxd5 Re2 41.c6 Kh7 42.c7 Re7 43.Rdc5 Re6
44.Rc6 Re7 45.Kg2 a5 46.a4 g6 47.h4 Kg7 48.Kg3 Kf7 49.f4 Rd7 50.Kg4 Ke7 51.Rxg6 Rdxc7
52.Rxc7+ Rxc7 53.Rg7+ Kd6 54.Rxc7 Kxc7 55.f5  1-0

[Event "1st WMSG Blitz Pair"]
[Site "Beijing CHN"]
[Date "2008.10.08"]
[Round "2"]
[White "Cua,Sheri"]
[Black "Houska,Jo"]
[Result "1-0"]
[WhiteElo "2143"]
[BlackElo "2399"]

1.d4 d5 2.c4 e6 3.Nf3 Nf6 4.g3 Be7 5.Bg2 O-O 6.O-O b6 7.Qc2 Bb7 8.Rd1 dxc4
9.Qxc4 Nbd7 10.Nc3 c5 11.dxc5 Bxc5 12.b4 Be7 13.Bb2 Rc8 14.Qb3 Qc7 15.Nb5 Qb8
16.a3 Bd5 17.Qe3 a6 18.Nbd4 Ng4 19.Qd2 Qb7 20.Nf5 Ndf6 21.Nxe7+ Qxe7 22.h3 Nh6
23.g4 Ne4 24.Qd4 f5 25.gxf5 Nxf5 26.Qe5 Rc2 27.Bd4 Rxe2 28.Bxb6 Neg3 29.Qc3 Ne4
30.Qe5 Neg3 31.Qc7 Qxc7 32.Bxc7 Ne4 33.Bb6 Rb8 34.Bc5 Nxc5 35.bxc5 Rc8 36.Rac1 Ne7
37.Ng5 h6 38.Bxd5 Nxd5 39.Nxe6 Rxe6 40.Rxd5 Re2 41.c6 Kh7 42.c7 Re7 43.Rdc5 Re6
44.Rc6 Re7 45.Kg2 a5 46.a4 g6 47.h4 Kg7 48.Kg3 Kf7 49.f4 Rd7 50.Kg4 Ke7  1-0

[Event "1st WMSG Rapid Pair"]
[Site "Beijing CHN"]
[Date "2008.10.09"]
[Round "1"]
[White "Cua,Sheri"]
[Black "Socko,M"]
[Result "1/2-1/2"]
[WhiteElo "2143"]
[BlackElo "2434"]

1.d4 Nf6 2.c4 e6 3.g3 d5 4.Bg2 Be7 5.Nf3 O-O 6.O-O a6 7.Nbd2 c5 8.b3 cxd4
9.Nxd4 e5 10.N4f3 Nc6 11.cxd5 Nxd5 12.Bb2 f6 13.a3 Be6 14.Rc1 Nc7 15.Nc4 Nb5
16.b4 Nd6 17.Ne3 Rf7 18.Nd2 Nd4 19.Ndc4 Nxc4 20.Nxc4 Bf8 21.Na5 Bd5 22.Bxd5 Qxd5
23.Qd3 Rd8 24.Rfd1 Rfd7 25.Bxd4 exd4 26.Nb3 b5 27.Nc5 Bxc5 28.Rxc5 Qe6 29.Rd2 Re8
30.Rdc2 Qe4 31.Rc6 Qxd3 32.exd3 Re1+ 33.Kg2 Rd1 34.Rxa6 Rxd3 35.a4 bxa4 36.Rxa4 Rd1
37.Raa2 Rb1 38.Rab2 Rxb2 39.Rxb2 Kf7 40.Kf3 Ke6 41.Ke4 f5+ 42.Kd3 Kd5 43.b5 Rb7
44.b6 Kc5 45.Rc2+ Kd5 46.Rb2 Kc5 47.Rb3 g6 48.h4 Kd5 49.Rb2 Kc5 50.Rb3 Kd5
51.Rb2 Kc5 52.Rb3 Kd5 53.Rb4 Kc5 54.Rc4+  1/2-1/2

[Event "1st WMSG Rapid Pair"]
[Site "Beijing CHN"]
[Date "2008.10.10"]
[Round "5"]
[White "Cua,Sheri"]
[Black "Vovk,Ok"]
[Result "1/2-1/2"]
[WhiteElo "2143"]
[BlackElo "2142"]

1.d4 Nf6 2.c4 e6 3.g3 d5 4.Bg2 Be7 5.Nf3 O-O 6.O-O Nbd7 7.Nbd2 c6 8.Qc2 b6
9.b3 c5 10.Bb2 Bb7 11.Rac1 Rc8 12.Qb1 dxc4 13.Nxc4 cxd4 14.Bxd4 Nc5 15.Rfd1 Qe8
16.Ng5 h6 17.Bxf6 hxg5 18.Bxe7 Qxe7 19.Nd6 Rcd8 20.Nxb7 Nxb7 21.Qc2 Rxd1+
22.Rxd1 Nd6 23.h3 Rc8 24.Qd3 Rd8 25.Qc3 Nb5 26.Rxd8+ Qxd8 27.Qc1 Nd4 28.Kf1 f6
29.Qc4 Kf7 30.Be4 f5 31.Bg2 f4 32.g4 Nf5 33.Qc2 Nh4 34.Be4 Qd4 35.Kg1 Qa1+
36.Qb1 Qe5 37.a4 Qc3 38.Kh2 Qd4 39.Kg1 Qc3 40.Kh2 Qd4  1/2-1/2

[Event "XV PRO AM Open"]
[Site "Villa Martelli ARG"]
[Date "2008.10.10"]
[Round "1"]
[White "Di Benedetto,G"]
[Black "Leguizamon,A"]
[Result "1-0"]
[WhiteElo "2312"]
[BlackElo "1944"]

1.d4 Nf6 2.c4 e6 3.Nf3 d5 4.g3 Be7 5.Bg2 O-O 6.O-O Nbd7 7.b3 Re8 8.Qc2 Nf8
9.Nc3 Ng6 10.Rd1 c6 11.Bb2 h5 12.e4 h4 13.Ne5 Nf8 14.a3 N8h7 15.Nf3 g5 16.Ne5 Nf8
17.b4 dxc4 18.Qd2 N8h7 19.Qe2 Qc7 20.Qxc4 Bd6 21.Ne2 Nd7 22.Nxd7 Bxd7 23.e5 Bf8
24.Nc3 Rad8 25.Ne4 Be7 26.Qe2 Rf8 27.Qh5 Be8 28.Qh6 Kh8 29.Nf6 Bxf6 30.exf6 Rg8
31.Be4 Rg6 32.Bxg6 fxg6 33.d5  1-0

[Event "South Bohemia Open"]
[Site "Cesky Krumlov CZE"]
[Date "2008.10.12"]
[Round "3"]
[White "Leks,M"]
[Black "Rajnys,V"]
[Result "0-1"]
[WhiteElo "1849"]
[BlackElo "2081"]

1.d4 Nf6 2.Nf3 d5 3.c4 e6 4.g3 Be7 5.Bg2 c6 6.O-O O-O 7.Qc2 b6 8.Bf4 Bb7
9.Nbd2 Nbd7 10.Rfe1 Rc8 11.Qb3 c5 12.dxc5 Nxc5 13.Qd1 Nce4 14.Nxe4 Nxe4 15.cxd5 exd5
16.Nd2 Bb4 17.a3 Bc5 18.Nxe4 dxe4 19.Qa4 Qe7 20.Qb3 Qf6 21.Rac1 Bd4 22.Rxc8 Rxc8
23.Qa4 g5 24.Be3 Bxe3 25.fxe3 Qxb2 26.Qxa7 Qc3 27.Kf2 Qf6+ 28.Kg1 Qc6 29.Rb1 b5
30.Rf1 Rd8 31.Qa5 Qd7 32.Qb4 Re8 33.Qc5 h6 34.Rf6 Rc8 35.Qe5 Rc1+ 36.Kf2 Rc6
37.Rxc6 Qxc6 38.Qb8+ Kg7 39.Qe5+ Qf6+ 40.Qxf6+ Kxf6 41.Bh3 Bc6 42.Bc8 Ke5
43.Ke1 Kd5 44.Kd2 Kc4 45.Kc2 h5 46.h3 h4 47.g4 Bd5 48.Bf5 Bc6 49.Bc8 b4 50.axb4 Kxb4
51.Bf5 Kc4 52.Bc8 Kd5 53.Kc3 Ke5 54.Bf5 Bd5 55.Bd7 Be6  0-1

[Event "XV PRO AM Open"]
[Site "Villa Martelli ARG"]
[Date "2008.10.12"]
[Round "3"]
[White "Scarella,E"]
[Black "Rey Besada,F"]
[Result "1-0"]
[WhiteElo "2368"]
[BlackElo "2211"]

1.d4 Nf6 2.Nf3 d5 3.c4 e6 4.g3 Be7 5.Bg2 O-O 6.Nc3 dxc4 7.Ne5 Nc6 8.Bxc6 bxc6
9.Nxc6 Qe8 10.Nxe7+ Qxe7 11.Qa4 Bb7 12.O-O e5 13.Qxc4 exd4 14.Qxd4 Qe6 15.Bg5 Ne4
16.Nxe4 Bxe4 17.Bf4 Rfe8 18.f3 Bd5 19.e4 Bxa2 20.Bxc7 h5 21.Rfc1 a5 22.Rc5 g6
23.Bxa5  1-0

[Event "1st WMSG Blitz Team w"]
[Site "Beijing CHN"]
[Date "2008.10.13"]
[Round "7"]
[White "Hryhorenko,N"]
[Black "Vasilevich,I"]
[Result "0-1"]
[WhiteElo "2349"]
[BlackElo "2354"]

1.d4 e6 2.Nf3 d5 3.c4 Nf6 4.g3 Be7 5.Bg2 O-O 6.O-O dxc4 7.Na3 Bxa3 8.bxa3 Nbd7
9.Bb2 Rb8 10.Qc2 b5 11.Ne5 Nxe5 12.dxe5 Nd7 13.Rfd1 Qe7 14.a4 bxa4 15.Bd4 c5
16.Bc3 Nb6 17.Ba5 Bb7 18.Rab1 Bxg2 19.Kxg2 Qg5 20.f4 Qg6 21.Qxg6 hxg6 22.Rd6 Nd5
23.Rc1 Rb2 24.Kf2 Rxa2 25.Rxc4 Rb8 26.Rd8+ Rxd8 27.Bxd8 Nb4 28.Be7 a3 29.Bxc5 Nd3+
30.Ke3 Nxc5 31.Rxc5 Ra1 32.Ra5 a2 33.Rxa7 Kh7 34.Kd2 g5 35.fxg5 Kg6 36.h4 Kf5
37.Rxf7+ Kxe5 38.Ra7 Kf5 39.Kc2 Re1 40.Kb2 Rxe2+  0-1